| 000 | 00687nam a2200205Ii 4500 | ||
|---|---|---|---|
| 001 | 14262 | ||
| 003 | CO-ViMGA | ||
| 008 | 241108s9999||||xx |||||||||||||| ||und|| | ||
| 040 |
_aCO-ViMGA _bspa _erda _cCO-ViMGA |
||
| 041 | 0 | _aspa | |
| 082 | 0 | 4 | _a614.78 A51r |
| 100 | 1 |
_aAlcaldía de Villavicencio _93558 |
|
| 245 | 1 | 0 |
_aRuido ambiental: _bzonificación área urbana municipio de Villavicencio |
| 264 | 1 | _aBogotá, Colombia : [Editorial no identificada], [Fecha de publicación no identificada] | |
| 300 | _avolumen | ||
| 336 |
_atext _btxt _2rdacontent |
||
| 337 |
_aunmediated _bn _2rdamedia |
||
| 338 |
_avolume _bnc _2rdacarrier |
||
| 940 | _aidficha_siabuc: 13959. -- ficha_no_siabuc:14262 | ||
| 999 |
_c38834 _d38834 |
||